|
|
|
|
| LEADER |
00000nab a2200000 a 4500 |
| 001 |
vtls008159388 |
| 003 |
SK-MaSNL |
| 005 |
20260426072149.0 |
| 008 |
050609 2005 xo r r 000 0 slo |
| 015 |
|
|
|a SNBRB2005
|
| 040 |
|
|
|a KEVKJB
|b slo
|c KEVKJB
|e AACR2
|
| 041 |
0 |
|
|a slo
|
| 044 |
|
|
|a xo
|c SK
|
| 080 |
|
|
|a 908
|x (437.6)
|2 UDC-MRF-SK2
|
| 080 |
|
|
|a 929
|2 UDC-MRF-SK2
|
| 100 |
1 |
|
|a Kováč, Dušan,
|d 1942-
|4 aut
|9 88196
|
| 245 |
1 |
0 |
|a Slovensko a jeho osobnosti
|c Dušan Kováč
|
| 650 |
0 |
7 |
|a osobnosti
|2 kevkjb
|9 29820
|
| 651 |
|
7 |
|a Slovensko
|2 kevkjb
|9 14231
|
| 655 |
|
7 |
|a úvahy
|2 kevkjb
|9 29403
|
| 773 |
0 |
|
|t Plus 7 dní
|g Roč. XV, č. 24 (2005), s. 74-75
|x 1210-2040
|
| 852 |
|
|
|a KEVKJB
|b KIS3GCP
|
| 999 |
|
|
|c 2685877
|d 2687807
|